000 00682nam a22002297a 4500
005 20170124110110.0
010 _a708097
020 _c00.00
_a706902599
035 _a708097
037 _bCen Lib/Ret
040 _aDPL
_bEN
082 _a954.09
_bCHO
100 _aChopra, Pran
_928949
245 _aIndia's second liberation /
_cby Pran Chopra
260 _bVikash Publishing House
_c1973
_aNew Delhi
270 _a5, Daryaganj, Ansari Road
_bNew Delhi
_e110002
300 _avi,270p.
_c20cm(Hb)
500 _aIncludes index
650 _aIndia-Pakistan Conflict, 1971
_927701
650 _aBangladesh -- History
_927146
942 _2ddc
_cEN
_h954.09
_mCHO
999 _c130341
_d130341